Т. 98, № 3; Химическая промышленность

Podrobná bibliografie
Parent link:Химическая промышленность: научно-технический журнал/ ООО "ТЕЗА". Т. 98, № 3.— , 1944-2006, 2019-
Jazyk:ruština
Vydáno: 2021
On-line přístup:https://elibrary.ru/contents.asp?id=48126828
Médium: MixedMaterials Elektronický zdroj Kniha
KOHA link:https://koha.lib.tpu.ru/cgi-bin/koha/opac-detail.pl?biblionumber=590120

MARC

LEADER 00000nam2a2200000 4500
001 590120
005 20231101131607.0
035 |a (RuTPU)RU\TPU\prd\292855 
035 |a RU\TPU\prd\289414 
090 |a 590120 
100 |a 20230214a19249999k y0rusy50 ca 
101 0 |a rus 
102 |a RU 
181 0 |a i  
182 0 |a b 
200 0 |a Т. 98, № 3  |b Электронный ресурс 
203 |a Текст  |c электронный 
210 |d 2021 
461 1 |0 (RuTPU)RU\TPU\prd\1027  |t Химическая промышленность  |o научно-технический журнал  |f ООО "ТЕЗА"  |v Т. 98, № 3  |d 1944-2006, 2019- 
801 0 |a RU  |b 63413507  |c 20010227  |g PSBO 
801 1 |a RU  |b 63413507  |c 20060908  |g PSBO 
801 2 |a RU  |b 63413507  |c 20230214  |g RCR 
856 4 0 |u https://elibrary.ru/contents.asp?id=48126828 
942 |c BK